Flag for lande, der starter med D - Statistics

General Stats
  • This quiz has been taken 11 times
  • The average score is 1 of 5
Answer Stats
Picture Answer % Correct
Danmark
100%
Djibouti
14%
Dominica
14%
Demokratiske Republik Kongo
0%
Dominikanske Republik
0%
No matching quizzes found
Score Distribution
Percent of People with Each Score
Percentile by Number Answered
Your Score History
You have not taken this quiz